[Event "PRO League KO Stage 2019"]
[Site "chess.com INT"]
[Date "2019.04.02"]
[Round "2"]
[White "Hauge, Lars Oskar"]
[Black "Meier, Georg"]
[Result "0-1"]
[WhiteTitle "IM"]
[BlackTitle "GM"]
[WhiteElo "2468"]
[BlackElo "2621"]
[WhiteTeam "Norway Gnomes"]
[BlackTeam "Baden-Baden Snowballs"]
[WhiteFideId "1509276"]
[BlackFideId "4675789"]
[EventDate "2019.03.19"]

1. e4 e6 2. d4 d5 3. Nd2 c5 4. exd5 Qxd5 5. dxc5 Nf6 6. Ngf3 Qxc5 7. Bd3 Nbd7 8.
O-O Qc7 9. c4 b6 10. a3 Bb7 11. b4 a5 12. Rb1 axb4 13. axb4 Be7 14. Re1 O-O 15.
Qc2 Rfd8 16. Bb2 h6 17. h3 Rac8 18. Qb3 Nb8 19. Bc2 Bxf3 20. Nxf3 Qxc4 21. Qxc4
Rxc4 22. Bb3 Rcc8 23. b5 Nd5 24. Rec1 Bc5 25. Kf1 Nf4 26. Rc2 Nd3 27. Ba1 Be7
28. Bd4 Nc5 29. Ba2 Nbd7 30. Be3 Ne4 31. Rbc1 Rxc2 32. Rxc2 Bc5 33. Ke2 Bxe3 34.
Kxe3 Nd6 35. Nd4 Nc5 36. g4 Ra8 37. f3 Ra3+ 38. Ke2 g5 39. Rd2 Kg7 40. Bb1 Nc4
41. Rc2 Ne5 42. Rd2 Kf6 43. Kf2 Nc4 44. Re2 Ne5 45. Kg3 Ra1 46. Bc2 Ra2 47. Re1
Nc4 48. Bb1 Ra1 49. Nc2 Ra5 50. Nd4 Na3 51. Bh7 Nxb5 52. Nc6 Ra3 53. Rb1 Rb3 54.
Ra1 Ra3 55. Rb1 Nb3 56. Bc2 N5d4 57. Be4 b5 58. Nxd4 Nxd4 59. Kf2 Ke5 60. Kg3
Ra2 61. Re1 Ne2+ 62. Kf2 Nf4+ 63. Kf1 Kd4 64. Rb1 Ra5 65. Bc6 Nxh3 66. Bxb5 Nf4
67. Bc6 Ra3 68. Kg1 Ke5 69. Rb7 Rc3 70. Be4 f6 71. Kf2 h5 72. gxh5 Nxh5 73. Rb5+
Kd4 74. Rb6 Nf4 75. Ke1 f5 76. Ba8 Rc2 77. Kd1 Ra2 78. Bb7 Rh2 79. Ra6 Ke3 80.
Ba8 Rh8 81. Bb7 Rb8 82. Ra3+ Kf2 83. Ra7 Rd8+ 84. Kc2 Kg3 85. Ra6 Rb8 86. Ra7
Nd5 87. Kd2 Kxf3 88. Bc6 Rd8 89. Ke1 Kf4 90. Ra4+ Ke5 91. Ra2 g4 92. Re2+ Kd6
93. Bb7 Rb8 94. Ba6 g3 95. Kf1 Rb1+ 96. Re1 Rxe1+ 97. Kxe1 Nf4 98. Kf1 Ke5 99.
Kg1 Kd4 100. Bb7 Ke5 101. Kh1 Kf6 102. Kg1 e5 103. Kh1 e4 104. Kg1 Ke5 105. Kh1
Ne6 106. Kg2 f4 107. Kh3 Nd4 108. Kg2 Nf5 109. Kh3 f3 110. Ba6 Kf4 111. Bd3 Ke5
112. Bxe4 Kxe4 0-1

[Event "PRO League KO Stage 2019"]
[Site "chess.com INT"]
[Date "2019.04.02"]
[Round "2"]
[White "Kaasen, Tor Fredrik"]
[Black "Alekseenko, Kirill"]
[Result "0-1"]
[WhiteTitle "IM"]
[BlackTitle "GM"]
[WhiteElo "2383"]
[BlackElo "2644"]
[WhiteTeam "Norway Gnomes"]
[BlackTeam "Baden-Baden Snowballs"]
[WhiteFideId "1516647"]
[BlackFideId "4135539"]
[EventDate "2019.03.19"]

1. e4 e5 2. Nf3 Nc6 3. Bb5 a6 4. Ba4 d6 5. c3 Bd7 6. O-O Nge7 7. d4 Ng6 8. Nbd2
Be7 9. Re1 O-O 10. Nf1 Bg4 11. d5 Nb8 12. h3 Bc8 13. Ng3 Nd7 14. Bc2 h6 15. Nf5
Nf6 16. Nxe7+ Qxe7 17. Nh2 Nh7 18. Be3 f5 19. exf5 Bxf5 20. Bxf5 Rxf5 21. c4
Raf8 22. Qd2 Nf4 23. Kh1 Qf7 24. f3 Qg6 25. Rac1 Rh5 26. Bxf4 Rxf4 27. c5 Nf6
28. cxd6 cxd6 29. Rc8+ Kh7 30. Qa5 Qg3 31. Rg1 Rfh4 32. Qd8 Rg5 33. Qh8+ Kg6 34.
Rc7 Kh5 35. Qc8 Kg6 36. Qf8 Nh5 37. Qg8 Rf4 38. Rd7 Rf6 39. Ng4 Qf4 40. Qe8+ Kf5
41. Re1 Ng3+ 42. Kg1 Qd4+ 43. Kh2 Qd2 44. Rxe5+ dxe5 45. Qxe5+ Kg6 46. Qxg3 h5
47. Ne5+ Kh6 48. Ng4+ hxg4 49. Qh4+ Rh5 50. Qxg4 Rg6 0-1

[Event "PRO League KO Stage 2019"]
[Site "chess.com INT"]
[Date "2019.04.02"]
[Round "2"]
[White "Kollars, Dmitrij"]
[Black "Holm, Kristian Stuvik"]
[Result "1/2-1/2"]
[WhiteTitle "GM"]
[BlackTitle "IM"]
[WhiteElo "2564"]
[BlackElo "2463"]
[WhiteTeam "Baden-Baden Snowballs"]
[BlackTeam "Norway Gnomes"]
[WhiteFideId "12909572"]
[BlackFideId "1508083"]
[EventDate "2019.03.19"]

1. e4 e5 2. Nf3 Nc6 3. Bb5 Nf6 4. d3 Bc5 5. c3 d5 6. exd5 Qxd5 7. Bc4 Qd8 8. O-O
O-O 9. Bg5 h6 10. Bh4 Bf5 11. Re1 g5 12. Bg3 e4 13. dxe4 Qxd1 14. Rxd1 Nxe4 15.
Nbd2 Nxg3 16. hxg3 Rad8 17. Nb3 Bb6 18. Rac1 Rxd1+ 19. Rxd1 Rd8 20. Rd5 Be4 21.
Rxd8+ Nxd8 22. Ne5 Bf5 23. a4 a5 24. Bd3 Be6 25. Nc4 Bxc4 26. Bxc4 Kg7 27. g4
Kf6 28. Kf1 Ne6 1/2-1/2

[Event "PRO League KO Stage 2019"]
[Site "chess.com INT"]
[Date "2019.04.02"]
[Round "2"]
[White "Hammer, Jon Ludvig"]
[Black "Kollars, Dmitrij"]
[Result "0-1"]
[WhiteTitle "GM"]
[BlackTitle "GM"]
[WhiteElo "2650"]
[BlackElo "2564"]
[WhiteTeam "Norway Gnomes"]
[BlackTeam "Baden-Baden Snowballs"]
[WhiteFideId "1503707"]
[BlackFideId "12909572"]
[EventDate "2019.03.19"]

1. c4 e5 2. Nc3 Bb4 3. Nd5 Bc5 4. b4 Bf8 5. Bb2 c6 6. Ne3 Nf6 7. Bxe5 Bxb4 8. a3
Be7 9. Nf5 O-O 10. Nxe7+ Qxe7 11. Bb2 d5 12. e3 Bf5 13. Nf3 Nbd7 14. cxd5 Nxd5
15. Be2 Nc5 16. O-O Nd3 17. Bxd3 Bxd3 18. Re1 Rfd8 19. Ne5 Ba6 20. d4 c5 21. e4
Nf4 22. Qg4 Ne6 23. d5 Nd4 24. Nf3 Nxf3+ 25. gxf3 Qf8 26. Rad1 Rd6 27. Kh1 b6
28. Qf4 Rad8 29. Rg1 Rg6 30. Rg3 Qe7 31. Rdg1 Rdd6 32. h4 h5 33. Rg5 Qd7 34. Kh2
Bc8 35. R1g3 Rxg5 36. Qxg5 Rg6 37. Qe5 Rxg3 38. Qxg3 f5 39. e5 f4 40. Qg6 Qf7
41. Qxf7+ Kxf7 42. e6+ Ke7 43. Bxg7 Bb7 44. Be5 Bxd5 45. Bxf4 Kxe6 46. Bb8 Kd7
47. Kg3 a5 48. Kf4 b5 49. Ke3 Kc6 50. f4 b4 51. axb4 cxb4 52. f5 a4 53. Be5 a3
54. Kd2 Kb5 55. Bd6 Ka4 56. Kc2 b3+ 57. Kc3 b2 0-1

[Event "PRO League KO Stage 2019"]
[Site "chess.com INT"]
[Date "2019.04.02"]
[Round "2"]
[White "Meier, Georg"]
[Black "Kaasen, Tor Fredrik"]
[Result "1-0"]
[WhiteTitle "GM"]
[BlackTitle "IM"]
[WhiteElo "2621"]
[BlackElo "2383"]
[WhiteTeam "Baden-Baden Snowballs"]
[BlackTeam "Norway Gnomes"]
[WhiteFideId "4675789"]
[BlackFideId "1516647"]
[EventDate "2019.03.19"]

1. e4 c5 2. Nf3 d6 3. Bb5+ Nd7 4. d4 cxd4 5. Qxd4 a6 6. Bxd7+ Bxd7 7. Nc3 e5 8.
Qd3 h6 9. Nd2 b5 10. a4 bxa4 11. Nxa4 Nf6 12. Nc3 Be7 13. Rxa6 Rxa6 14. Qxa6 O-O
15. O-O Qc7 16. Rd1 Bc6 17. Qd3 Rd8 18. Nd5 Bxd5 19. exd5 Rc8 20. c4 Ra8 21. Nb1
Rc8 22. Na3 Qc5 23. h3 Qb4 24. Qc2 Rb8 25. Nb5 Rc8 26. Na3 Rb8 27. Qd2 Qb3 28.
Qd3 Qa4 29. Nb5 e4 30. Qe2 Rc8 31. Na3 Bd8 32. Be3 Rb8 33. Nb5 Bb6 34. Bd4 Bxd4
35. Nxd4 Rxb2 36. Qxb2 Qxd1+ 37. Kh2 Qd3 38. Nf5 e3 39. Nxe3 Ne4 40. Nf5 g6 41.
Qg7# 1-0

[Event "PRO League KO Stage 2019"]
[Site "chess.com INT"]
[Date "2019.04.02"]
[Round "2"]
[White "Holm, Kristian Stuvik"]
[Black "Klek, Hanna Marie"]
[Result "1-0"]
[WhiteTitle "IM"]
[BlackTitle "WGM"]
[WhiteElo "2463"]
[BlackElo "2313"]
[WhiteTeam "Norway Gnomes"]
[BlackTeam "Baden-Baden Snowballs"]
[WhiteFideId "1508083"]
[BlackFideId "24670057"]
[EventDate "2019.03.19"]

1. Nf3 d5 2. c4 d4 3. b4 f6 4. d3 e5 5. a3 a5 6. b5 Nd7 7. e3 Nc5 8. exd4 exd4
9. Bb2 Ne6 10. Nbd2 a4 11. g3 Nh6 12. Bg2 Be7 13. O-O O-O 14. Re1 f5 15. Qc2 Bc5
16. Re5 Ng4 17. Rd5 Qe7 18. h3 Nh6 19. Re1 f4 20. g4 c6 21. Rde5 Bd6 22. Rxe6
Bxe6 23. Nxd4 Bxa3 24. Rxe6 Qc5 25. Ne4 Qa7 26. Bxa3 Qxd4 27. Bxf8 Kxf8 28. Qc3
Qxc3 29. Nxc3 a3 30. Re2 1-0

[Event "PRO League KO Stage 2019"]
[Site "chess.com INT"]
[Date "2019.04.02"]
[Round "2"]
[White "Alekseenko, Kirill"]
[Black "Hauge, Lars Oskar"]
[Result "1-0"]
[WhiteTitle "GM"]
[BlackTitle "IM"]
[WhiteElo "2644"]
[BlackElo "2468"]
[WhiteTeam "Baden-Baden Snowballs"]
[BlackTeam "Norway Gnomes"]
[WhiteFideId "4135539"]
[BlackFideId "1509276"]
[EventDate "2019.03.19"]

1. e4 e5 2. Nf3 Nc6 3. Bb5 Nf6 4. d3 Ne7 5. O-O c6 6. Bc4 Ng6 7. d4 Nxe4 8. dxe5
d5 9. exd6 Nxd6 10. Bb3 Be7 11. Nc3 O-O 12. h3 Bf6 13. Ne2 Ne4 14. c3 Nc5 15.
Bc2 Be6 16. Be3 Qe7 17. Ned4 Rfd8 18. Re1 Na6 19. Qb1 Nc7 20. Nf5 Qf8 21. N3d4
Bd5 22. Ng3 Ne6 23. Ndf5 Nef4 24. Ne4 Be7 25. Bd4 Ne6 26. Nxe7+ Qxe7 27. Ng3 Qh4
28. Be3 Nef4 29. Be4 Bxe4 30. Qxe4 Nd5 31. Qxh4 Nxh4 32. Bg5 Ng6 33. Bxd8 Rxd8
34. Rad1 Rc8 35. Nf5 Kf8 36. c4 Nb6 37. b3 Nf4 38. Nd6 Rb8 39. Nxb7 g5 40. Rd8+
Rxd8 41. Nxd8 Nd7 42. Nxc6 1-0

[Event "PRO League KO Stage 2019"]
[Site "chess.com INT"]
[Date "2019.04.02"]
[Round "2"]
[White "Hammer, Jon Ludvig"]
[Black "Meier, Georg"]
[Result "1/2-1/2"]
[WhiteTitle "GM"]
[BlackTitle "GM"]
[WhiteElo "2650"]
[BlackElo "2621"]
[WhiteTeam "Norway Gnomes"]
[BlackTeam "Baden-Baden Snowballs"]
[WhiteFideId "1503707"]
[BlackFideId "4675789"]
[EventDate "2019.03.19"]

1. d4 e6 2. c4 b6 3. e4 Bb4+ 4. Bd2 Bxd2+ 5. Qxd2 d5 6. cxd5 exd5 7. e5 Ne7 8.
Bd3 c5 9. Ne2 Nbc6 10. O-O O-O 11. Na3 Bf5 12. Rad1 cxd4 13. f4 f6 14. exf6 Rxf6
15. Nc2 Bg4 16. Rde1 Qd6 17. Nexd4 Nxd4 18. Nxd4 Raf8 19. g3 h6 20. a3 Nf5 21.
Bxf5 Bxf5 22. Nxf5 Rxf5 23. Rd1 Qf6 24. Rfe1 g5 25. fxg5 hxg5 26. g4 Rf2 27.
Qxd5+ Kg7 28. Qd4 Qxd4 29. Rxd4 Rxb2 30. Rd7+ Rf7 31. Ree7 Rb1+ 32. Kg2 Rb2+ 33.
Kg1 Rb1+ 34. Kg2 Rb2+ 35. Kg1 Rb1+ 1/2-1/2

[Event "PRO League KO Stage 2019"]
[Site "chess.com INT"]
[Date "2019.04.02"]
[Round "2"]
[White "Klek, Hanna Marie"]
[Black "Hauge, Lars Oskar"]
[Result "0-1"]
[WhiteTitle "WGM"]
[BlackTitle "IM"]
[WhiteElo "2313"]
[BlackElo "2468"]
[WhiteTeam "Baden-Baden Snowballs"]
[BlackTeam "Norway Gnomes"]
[WhiteFideId "24670057"]
[BlackFideId "1509276"]
[EventDate "2019.03.19"]

1. d4 e6 2. e4 d5 3. Nd2 Nf6 4. e5 Nfd7 5. c3 c5 6. Bd3 Nc6 7. Ne2 cxd4 8. cxd4
f6 9. exf6 Nxf6 10. O-O Bd6 11. Nf3 Qc7 12. h3 O-O 13. Be3 Bd7 14. Re1 Rae8 15.
Rc1 Re7 16. a3 Be8 17. b4 a6 18. Ne5 Bxe5 19. dxe5 Nd7 20. f4 g5 21. fxg5 Qxe5
22. Qd2 Qg7 23. Kh1 Bh5 24. Nf4 Bf7 25. Bxa6 d4 26. Bg1 Qxg5 27. Bxb7 Nd8 28.
Bf3 e5 29. b5 Ne6 30. a4 Nxf4 31. Bxd4 Bh5 32. Bd5+ Kh8 33. Be3 Rg7 34. Rc7 Qh4
35. Bxf4 exf4 36. Bc6 f3 37. Re4 fxg2+ 38. Qxg2 Qf6 39. Rg4 Bxg4 40. hxg4 Qh4+
41. Kg1 Rxg4 0-1

[Event "PRO League KO Stage 2019"]
[Site "chess.com INT"]
[Date "2019.04.02"]
[Round "2"]
[White "Holm, Kristian Stuvik"]
[Black "Alekseenko, Kirill"]
[Result "0-1"]
[WhiteTitle "IM"]
[BlackTitle "GM"]
[WhiteElo "2463"]
[BlackElo "2644"]
[WhiteTeam "Norway Gnomes"]
[BlackTeam "Baden-Baden Snowballs"]
[WhiteFideId "1508083"]
[BlackFideId "4135539"]
[EventDate "2019.03.19"]

1. d4 d5 2. c4 dxc4 3. e3 e5 4. Bxc4 exd4 5. exd4 Nf6 6. Nf3 Bd6 7. Qe2+ Be7 8.
O-O O-O 9. h3 Nbd7 10. Nc3 Nb6 11. Bb3 c6 12. Re1 Re8 13. Bg5 Bf5 14. Nh4 Bd7
15. Qd3 Nfd5 16. Bxe7 Rxe7 17. Nxd5 Nxd5 18. Bxd5 Rxe1+ 19. Rxe1 Qxh4 20. Bb3
Qf6 21. d5 Qd6 22. Qe4 Qf8 23. Qf4 Rc8 24. d6 Re8 25. Rd1 g6 26. Rd3 Kg7 27.
Qd4+ f6 28. Qxa7 Re1+ 29. Kh2 Qe8 30. Qxb7 Qe5+ 31. Rg3 Qxd6 32. Qa8 Re2 33.
Qg8+ Kh6 34. f4 Bf5 35. Qc4 Rxb2 36. Rf3 Qd2 37. Rg3 Rb1 38. Qg8 Qf2 39. Qf8+
Kh5 40. Rf3 Qg1+ 41. Kg3 Rb2 42. Qh6+ Kxh6 0-1

[Event "PRO League KO Stage 2019"]
[Site "chess.com INT"]
[Date "2019.04.02"]
[Round "2"]
[White "Kollars, Dmitrij"]
[Black "Kaasen, Tor Fredrik"]
[Result "1-0"]
[WhiteTitle "GM"]
[BlackTitle "IM"]
[WhiteElo "2564"]
[BlackElo "2383"]
[WhiteTeam "Baden-Baden Snowballs"]
[BlackTeam "Norway Gnomes"]
[WhiteFideId "12909572"]
[BlackFideId "1516647"]
[EventDate "2019.03.19"]

1. e4 c5 2. Nf3 d6 3. Bb5+ Nd7 4. O-O a6 5. Bd3 Ngf6 6. Re1 e5 7. c3 Be7 8. Bf1
O-O 9. d4 b5 10. a4 b4 11. dxe5 dxe5 12. Nbd2 Bb7 13. Nc4 Qc7 14. Bg5 Rfe8 15.
Qc2 Nh5 16. Bxe7 Rxe7 17. Ne3 Ndf6 18. Nd2 Rd8 19. Rad1 Red7 20. c4 Rd4 21. Nd5
Nxd5 22. cxd5 f5 23. Nb3 Rxd1 24. Rxd1 fxe4 25. Qxc5 Qxc5 26. Nxc5 Bxd5 27. Bc4
Nf4 28. g3 Nd3 29. Bxd3 exd3 30. Rxd3 Rd6 31. a5 Kf7 32. Nxa6 Ke7 33. Nxb4 Bc4
34. Rxd6 Kxd6 35. a6 Be2 36. Kg2 e4 37. a7 Bf3+ 38. Kf1 e3 39. fxe3 Kc5 40. Nc2
Kb6 41. Nd4 Be4 42. Ne6 g6 43. Ng5 Bc6 44. Nxh7 Kxa7 45. Ke2 Kb6 46. Kd3 Kc7 47.
Kd4 Kd6 48. Ng5 Ke7 49. e4 Kf6 50. h4 1-0

[Event "PRO League KO Stage 2019"]
[Site "chess.com INT"]
[Date "2019.04.02"]
[Round "2"]
[White "Kaasen, Tor Fredrik"]
[Black "Klek, Hanna Marie"]
[Result "1-0"]
[WhiteTitle "IM"]
[BlackTitle "WGM"]
[WhiteElo "2383"]
[BlackElo "2313"]
[WhiteTeam "Norway Gnomes"]
[BlackTeam "Baden-Baden Snowballs"]
[WhiteFideId "1516647"]
[BlackFideId "24670057"]
[EventDate "2019.03.19"]

1. e4 e5 2. Nf3 Nc6 3. Bb5 a6 4. Ba4 Nf6 5. O-O Be7 6. d3 b5 7. Bb3 d6 8. a3 Na5
9. Ba2 c5 10. Nc3 Be6 11. Nd5 Bxd5 12. exd5 O-O 13. c3 Qc7 14. b4 Nb7 15. Bd2
Rfc8 16. Ng5 Nd8 17. Qf3 Ne8 18. Ne4 cxb4 19. axb4 Qd7 20. Ng3 g6 21. Qe2 f6 22.
f4 Nf7 23. f5 Ng7 24. fxg6 hxg6 25. Rae1 f5 26. c4 Bg5 27. Bxg5 Nxg5 28. c5 a5
29. c6 Qa7+ 30. Kh1 axb4 31. Bb3 Qd4 32. Qd2 Nf7 33. Ne2 Qh4 34. d4 e4 35. Nf4
Qh6 36. Qxb4 Rab8 37. Ne6 Nh5 38. Kg1 Nf6 39. Qc3 Ra8 40. Re3 b4 41. Qc1 Ra3 42.
Rg3 Qxc1 43. Rxg6+ Kh7 44. Rg7+ Kh6 45. Rxc1 Rxb3 46. Rxf7 Nxd5 47. Rxf5 Nc3 48.
Rcf1 Rb1 49. Rxb1 Nxb1 50. c7 Nd2 51. Rf8 Rxc7 52. Nxc7 b3 53. Rb8 e3 54. Nd5 e2
55. Kf2 1-0

[Event "PRO League KO Stage 2019"]
[Site "chess.com INT"]
[Date "2019.04.02"]
[Round "2"]
[White "Hauge, Lars Oskar"]
[Black "Kollars, Dmitrij"]
[Result "1/2-1/2"]
[WhiteTitle "IM"]
[BlackTitle "GM"]
[WhiteElo "2468"]
[BlackElo "2564"]
[WhiteTeam "Norway Gnomes"]
[BlackTeam "Baden-Baden Snowballs"]
[WhiteFideId "1509276"]
[BlackFideId "12909572"]
[EventDate "2019.03.19"]

1. d4 d5 2. Bf4 Nf6 3. e3 e6 4. Nc3 Bb4 5. Bd3 c5 6. dxc5 Nbd7 7. Ne2 O-O 8. Bd6
Re8 9. Bb5 a6 10. Bxd7 Nxd7 11. Qd4 Qa5 12. O-O Bxc5 13. Bxc5 Qxc5 14. e4 dxe4
15. Nxe4 Qxd4 16. Nxd4 Nf6 17. Nxf6+ gxf6 18. Rfd1 e5 19. Ne2 Be6 20. Nc3 Red8
21. Kf1 Kf8 22. Ke2 Ke7 23. Ke3 b5 24. f3 b4 25. Ne2 Rxd1 26. Rxd1 a5 27. b3 Rc8
28. Rc1 a4 29. Kd2 Rd8+ 30. Ke1 Ra8 31. Ng3 f5 32. Ne2 f4 33. Rd1 axb3 34. axb3
Ra2 35. Rc1 f5 36. g3 fxg3 37. hxg3 Kf6 38. Kf2 h5 39. Ke3 Kg5 40. f4+ exf4+ 41.
Nxf4 Bf7 42. Nd3 Ra7 43. Nxb4 Kg4 44. Kf2 f4 45. gxf4 Kxf4 46. Nd3+ Ke4 47. Ke2
Bd5 48. Rh1 Rh7 49. Rh4+ Kf5 50. Kf2 Kg5 51. Kg3 Re7 52. Rxh5+ Kxh5 53. Nf4+ Kg5
54. Nxd5 Re2 55. Nb4 Re4 56. Nd5 Rd4 57. Ne3 Re4 58. Kf3 Rf4+ 59. Ke2 Rf8 60.
Kd3 Kf4 61. Nd5+ Ke5 62. Nb6 Rf3+ 63. Kc4 Kd6 64. Kb4 Kc6 65. Na4 Rf4+ 66. c4
Rh4 67. Nc3 Rh3 68. Nd5 Rh4 69. Ne7+ Kb6 70. Nd5+ Kc6 71. Ka5 Kc5 72. Nb6 Rh1
73. b4+ Kc6 74. Na4 Rc1 75. c5 Rb1 76. Nc3 Ra1+ 77. Na4 Rb1 78. Nc3 Ra1+ 79. Na4
Rb1 1/2-1/2

[Event "PRO League KO Stage 2019"]
[Site "chess.com INT"]
[Date "2019.04.02"]
[Round "2"]
[White "Alekseenko, Kirill"]
[Black "Hammer, Jon Ludvig"]
[Result "0-1"]
[WhiteTitle "GM"]
[BlackTitle "GM"]
[WhiteElo "2644"]
[BlackElo "2650"]
[WhiteTeam "Baden-Baden Snowballs"]
[BlackTeam "Norway Gnomes"]
[WhiteFideId "4135539"]
[BlackFideId "1503707"]
[EventDate "2019.03.19"]

1. e4 e5 2. Nf3 Nc6 3. Bb5 a6 4. Ba4 Nf6 5. O-O Be7 6. Re1 b5 7. Bb3 d6 8. c3
O-O 9. h3 Nb8 10. d4 Nbd7 11. c4 c6 12. Nc3 b4 13. Na4 c5 14. d5 Ne8 15. Bc2 g6
16. Bh6 Ng7 17. b3 f5 18. exf5 gxf5 19. Qd2 e4 20. Ng5 Ne5 21. a3 e3 22. Qxe3 f4
23. Bxh7+ Kh8 24. Qe4 Bxg5 25. Bxg7+ Kxg7 26. axb4 f3 27. g3 Qd7 28. Bf5 Qxf5
29. Qxf5 Bxf5 30. bxc5 Bxh3 31. cxd6 Bg2 32. Rxe5 Rh8 0-1

[Event "PRO League KO Stage 2019"]
[Site "chess.com INT"]
[Date "2019.04.02"]
[Round "2"]
[White "Meier, Georg"]
[Black "Holm, Kristian Stuvik"]
[Result "1/2-1/2"]
[WhiteTitle "GM"]
[BlackTitle "IM"]
[WhiteElo "2621"]
[BlackElo "2463"]
[WhiteTeam "Baden-Baden Snowballs"]
[BlackTeam "Norway Gnomes"]
[WhiteFideId "4675789"]
[BlackFideId "1508083"]
[EventDate "2019.03.19"]

1. Nf3 Nf6 2. g3 d5 3. Bg2 c5 4. O-O Nc6 5. d4 e6 6. c4 dxc4 7. dxc5 Qxd1 8.
Rxd1 Bxc5 9. Nbd2 c3 10. bxc3 O-O 11. Nb3 Be7 12. c4 Bd7 13. Bb2 Rfd8 14. Nfd4
Rac8 15. Nb5 b6 16. Nd6 Bxd6 17. Rxd6 Be8 18. Rd3 h6 19. a3 Kf8 20. Rc1 Ke7 21.
Kf1 g5 22. Ke1 Nd7 23. Rd2 Nc5 24. Nxc5 bxc5 25. Bc3 Rb8 26. Rxd8 Kxd8 27. Bxc6
Bxc6 28. Bg7 Ke7 29. Bxh6 Kf6 30. h4 gxh4 31. gxh4 Rb3 32. Bf8 Rxa3 33. Bxc5 Ra2
34. Bd4+ e5 35. Ra1 Rc2 36. Bxa7 Rxc4 37. Bb6 Ke6 38. Bd8 Rg4 39. Ra6 Kd5 40.
Ra7 f5 41. Ra5+ Ke6 42. Bc7 e4 43. Bd8 f4 44. Rg5 Rxg5 45. Bxg5 Kf5 46. e3 1/2-1/2

[Event "PRO League KO Stage 2019"]
[Site "chess.com INT"]
[Date "2019.05.04"]
[Round "3"]
[White "Zhao, Jun"]
[Black "Donchenko, Alexander"]
[Result "1/2-1/2"]
[WhiteTitle "GM"]
[BlackTitle "GM"]
[WhiteElo "2627"]
[BlackElo "2593"]
[WhiteTeam "Chengdu Pandas"]
[BlackTeam "Baden-Baden Snowballs"]
[WhiteFideId "8602522"]
[BlackFideId "24603295"]
[EventDate "2019.03.19"]

1. e4 c5 2. Nf3 d6 3. d4 cxd4 4. Nxd4 Nf6 5. Nc3 a6 6. Be3 e5 7. Nf3 Qc7 8. a4
Be7 9. Be2 O-O 10. O-O b6 11. Nd2 Be6 12. Bd3 Nbd7 13. Qe2 Qb7 14. Bc4 Rfc8 15.
Bg5 h6 16. Bxf6 Nxf6 17. Rfe1 Rc5 18. Bxe6 fxe6 19. Qd3 Rac8 20. Qh3 Qd7 21. Nb3
Rc4 22. Nd2 R4c5 23. Nb3 R5c7 24. Qd3 Rc4 25. Rad1 b5 26. axb5 axb5 27. Nd2 Rb4
28. Nb3 Rbc4 29. Nd2 Rb4 30. Nb3 Rbc4 31. Nd2 Rd4 32. Qe2 Rb4 33. Nb3 Rbc4 34.
Nd2 R4c7 35. Qxb5 Qxb5 36. Nxb5 Rxc2 37. b3 Rb2 38. Nc4 Rxb3 39. Nbxd6 Bxd6 40.
Nxd6 Rc2 41. Rc1 Ra2 42. Nc4 Ng4 43. f3 Nf6 44. Ra1 Rc2 45. Rec1 Rxc1+ 46. Rxc1
Rb5 47. Ra1 Rc5 48. Ra4 Kf7 49. Kf2 g5 50. Ke3 g4 51. Kd3 gxf3 52. gxf3 Nh5 53.
Ra5 Nf4+ 54. Kc3 Ne2+ 55. Kd3 Nc1+ 56. Kc3 Ne2+ 57. Kd3 Nf4+ 58. Kc3 Ne2+ 59.
Kd3 Nf4+ 60. Kc3 1/2-1/2

[Event "PRO League KO Stage 2019"]
[Site "chess.com INT"]
[Date "2019.05.04"]
[Round "3"]
[White "Agrest, Inna"]
[Black "Li, Chao b"]
[Result "0-1"]
[WhiteTitle "WIM"]
[BlackTitle "GM"]
[WhiteElo "2265"]
[BlackElo "2699"]
[WhiteTeam "Baden-Baden Snowballs"]
[BlackTeam "Chengdu Pandas"]
[WhiteFideId "1708830"]
[BlackFideId "8604436"]
[EventDate "2019.03.19"]

1. e4 c5 2. Nf3 Nc6 3. d4 cxd4 4. Nxd4 Nf6 5. Nc3 d6 6. Bg5 e6 7. f4 Be7 8. Qd2
a6 9. O-O-O Bd7 10. Be2 b5 11. Bf3 Rc8 12. Kb1 Qb6 13. Rhe1 h6 14. Bxf6 gxf6 15.
f5 Qxd4 16. Qxd4 Nxd4 17. Rxd4 h5 18. h4 Rc5 19. a3 Kd8 20. fxe6 fxe6 21. Red1
Kc7 22. Ne2 f5 23. exf5 Rxf5 24. Ng3 Re5 25. c4 Bc6 26. Bxc6 Kxc6 27. Ne4 Rd8
28. g3 bxc4 29. Rxc4+ Kb6 30. Rdc1 Rd7 31. Nf2 Re3 32. Ne4 d5 33. Rc6+ Kb7 34.
Nd2 Bd6 35. Nf1 Rf3 36. R6c3 Rdf7 37. Nd2 Rxc3 38. Rxc3 Rf2 39. Nb3 Be5 40. Rc2
Rxc2 41. Kxc2 Kc6 42. g4 hxg4 43. h5 g3 44. Nd2 g2 45. Nf3 Bh2 46. h6 g1=Q 47.
Nxg1 Bxg1 48. Kd3 Bh2 49. Kd4 Kd6 0-1

[Event "PRO League KO Stage 2019"]
[Site "chess.com INT"]
[Date "2019.05.04"]
[Round "3"]
[White "Zhang, Di"]
[Black "Meier, Georg"]
[Result "0-1"]
[BlackTitle "GM"]
[WhiteElo "1966"]
[BlackElo "2621"]
[WhiteTeam "Chengdu Pandas"]
[BlackTeam "Baden-Baden Snowballs"]
[WhiteFideId "8616590"]
[BlackFideId "4675789"]
[EventDate "2019.03.19"]

1. d4 e6 2. c4 Nf6 3. Nf3 Bb4+ 4. Bd2 Bxd2+ 5. Qxd2 O-O 6. Nc3 d6 7. g3 Nc6 8.
Bg2 e5 9. O-O Bg4 10. dxe5 Nxe5 11. Nxe5 dxe5 12. Rfd1 Qxd2 13. Rxd2 Rfd8 14.
Rad1 Rxd2 15. Rxd2 c6 16. b4 Kf8 17. b5 Rc8 18. bxc6 bxc6 19. Rb2 Rc7 20. f4 Be6
21. c5 Ke7 22. e4 g6 23. h3 exf4 24. gxf4 Nd7 25. Na4 f5 26. exf5 Bxf5 27. Kf2
Nf8 28. Ke3 Ne6 29. Rb8 Bc2 30. Nb2 Nxc5 31. Rb4 Bf5 32. Rc4 Ne6 33. Rxc6 Rxc6
34. Bxc6 Bxh3 35. Nc4 Bf5 36. Ne5 Kd6 37. Be8 Nc7 38. Bf7 Nd5+ 39. Kf3 Kc5 40.
Bg8 Nf6 41. Bf7 Be4+ 42. Kg3 Bd5 43. Bxd5 Nxd5 44. Kg4 a5 45. Nd7+ Kb4 46. f5
Ne3+ 47. Kf4 Nxf5 48. Nf8 Ka3 49. Nxh7 Kxa2 50. Nf8 Ne7 51. Ke4 a4 52. Ne6 a3
53. Kd3 Kb1 54. Nd4 a2 55. Nb3 Kb2 56. Kc4 g5 0-1

[Event "PRO League KO Stage 2019"]
[Site "chess.com INT"]
[Date "2019.05.04"]
[Round "3"]
[White "Kollars, Dmitrij"]
[Black "Wang, Yue"]
[Result "1/2-1/2"]
[WhiteTitle "GM"]
[BlackTitle "GM"]
[WhiteElo "2564"]
[BlackElo "2684"]
[WhiteTeam "Baden-Baden Snowballs"]
[BlackTeam "Chengdu Pandas"]
[WhiteFideId "12909572"]
[BlackFideId "8601429"]
[EventDate "2019.03.19"]

1. e4 c6 2. Nf3 d5 3. Nc3 dxe4 4. Nxe4 Nf6 5. Qe2 Nxe4 6. Qxe4 Qd5 7. Qh4 Qe6+
8. Be2 Qg4 9. Qg3 Qxg3 10. hxg3 g6 11. d4 Bg4 12. Bf4 Nd7 13. Ne5 Bxe2 14. Kxe2
Bg7 15. Nxd7 Kxd7 16. Rad1 h5 17. a4 Rhd8 18. Rd3 Ke8 19. Rhd1 Rd5 20. c4 Rf5
21. d5 cxd5 22. Rxd5 Rxd5 23. Rxd5 Bxb2 24. Rb5 Bd4 25. Rxb7 Rc8 26. Be3 Bxe3
27. Kxe3 Rxc4 28. Rxa7 f5 1/2-1/2